Research Methods for Generalist Social Work : (Record no. 618357)

MARC details
000 -LEADER
fixed length control field 00527nam a2200193 a 4500
008 - FIXED-LENGTH DATA ELEMENTS--GENERAL INFORMATION
fixed length control field 260330s2010##################000#0#eng##
020 ## - INTERNATIONAL STANDARD BOOK NUMBER
ISBN 9780840033277
082 04 - DEWEY DECIMAL CLASSIFICATION NUMBER
Classification number 361.0072
Item number MAR
100 1# - MAIN ENTRY--AUTHOR NAME
Personal name Marlow, Christine R.,
245 10 - TITLE STATEMENT
Title Research Methods for Generalist Social Work :
260 ## - PUBLICATION, DISTRIBUTION, ETC. (IMPRINT)
Name of publisher Cengage Learning,
Year of publication 2010.
300 ## - PHYSICAL DESCRIPTION
Number of Pages 384 pages
650 #0 - SUBJECT ADDED ENTRY--TOPICAL TERM
Topical Term Social Science.
942 ## - ADDED ENTRY ELEMENTS (KOHA)
Koha item type English Books
Holdings
Withdrawn status Lost status Damaged status Not for loan Home library Current library Shelving location Date acquired Full call number Accession Number Price effective from Koha item type
        Anna Centenary Library Anna Centenary Library 4TH FLOOR, A WING 30.03.2026 361.0072 MAR 203118 30.03.2026 English Books

Find us on the map